Country Quiz: Turkey 🇹🇷 - Statistics

General Stats
  • This quiz has been taken 47 times
  • The average score is 25 of 40
Answer Stats
Hint Answer % Correct
Capital and second-biggest city Ankara
97%
Biggest city Istanbul
97%
Between 1915-1916 (but didn't stop entirely until 1923), Turkey committed massacres and displacements, culminating in the loss of 600,000-1,2 million of people of this present-day country Armenia
94%
Bordering countries Armenia
94%
Since 1974, Turkey and Greece and fought over rights to this sovereign island-nation Cyprus
94%
Between 1299-1920s, Turkey maintained this historical empire that managed to acquire the entire southeastern Europe and large parts of the middle east north Africa Ottoman empire
94%
Language and Nationality Turkish
90%
Black sea
87%
Greece
87%
Iran
87%
Main Religion Islam
87%
Syria
87%
Georgia
84%
Iraq
84%
Founding Father Mustafa Kemal Atatürk
84%
Between the 16-20th century, Turkey fought 12 wars against this powerful country Russia
84%
Time zones 1 (UTC+3)
81%
Azerbaijan
81%
Currency Lira
77%
Bulgaria
74%
Mediterranean sea
74%
Famous tourist-dense coastal city Antalya
71%
A member of this western military alliance NATO
71%
Most Famous Leader (2002-) Recep Tayyip Erdoğan
71%
Tallest point / mountain (also where it's believed that Noah's ark landed) Mount Ararat
65%
Independence 1923
48%
During World War I (1914-1918), Turkey fought alongside Austro-Hungary, Bulgaria and Germany, also known as the _______ Powers Central
48%
This mythical holiday figure originated from present-day Turkey, which can be considered a bit ironic, due to most Turkish people not even celebrating this holiday Santa Claus
45%
Most famous Turkish male singer (Simarik, Yolla, Adımı Kalbine Yaz) Tarkan
42%
State-Condition Republic
39%
National Sport Oil Wrestling
26%
Climate Temperate
26%
This colour, based on this mineral stone, received its name from Turkey, and means "Turkish Stone", or as we better know it as..... Turquoise
26%
Largest producer of this type of nut (accounts for almost 70% of the global production) Hazelnut
23%
Main Economic Sector Tertiary / Service
19%
Turkey is believed to be part of the area that invented this type of economic sector / industry Agriculture
13%
Dictator (1938-50) who lost a fair election, and to everyone's shock - Simply accepted the results and stepped down İsmet İnönü
13%
Main export (goods) Cars
10%
Infamous nationalistic, far-right paramilitary organisation, established 1968-, and accounts for several acts of terrorism, such as the killing of more than 100 Alevis, in 1978 Gray Wolf
10%
Bordering Seas Aeagan sea
6%
No matching quizzes found
Score Distribution
Percent of People with Each Score
Percentile by Number Answered
Your Score History
You have not taken this quiz